La hija de Iorio: tragedia pastoral en tres actos

সংরক্ষণ করুন:
গ্রন্থ-পঞ্জীর বিবরন
প্রধান লেখক: D'Annunzio, Gabriele (Author)
বিন্যাস: গ্রন্থ
ভাষা:স্প্যানিশ
প্রকাশিত: Buenos Aires Librería Hachette 1944
সংস্করন:1a. ed
মালা:Biblioteca de Bolsillo. Serie Azul, 81
বিষয়গুলি:
ট্যাগগুলো: ট্যাগ যুক্ত করুন
কোনো ট্যাগ নেই, প্রথমজন হিসাবে ট্যাগ করুন!

MARC

LEADER 00000cam a2200000 a 4500
001 UCZ1642
003 CL-VaPUC
008 950831e19440000AG |||||||||||||||||spa|d
082 0 4 |a 852  |b DAN  |2 21 
100 0 |a D'Annunzio, Gabriele  |e author  |9 337420 
245 1 3 |a La hija de Iorio: tragedia pastoral en tres actos 
250 |a 1a. ed 
300 |a 163 p 
942 |c BK 
945 |d 19950831 00:00:00  |a rbrito 
260 |a Buenos Aires  |b Librería Hachette  |c 1944 
650 7 |a DRAMA ITALIANO  |2 CL-VaPUC  |9 345074 
583 |a last modification  |c 20140602 12:57:14  |k Rodrigo Vera 
490 0 |a Biblioteca de Bolsillo. Serie Azul, 81 
999 |c 238361  |d 238359 
952 |0 0  |1 0  |4 0  |6 852_000000000000000_DAN_1944  |7 0  |8 A  |9 248517  |a BIBEDU  |b BIBEDU  |d 2019-11-18  |i 3106314  |o 852 DAN 1944  |p 3106314  |r 2019-11-18  |w 2019-11-18  |y BK  |k LIT 
952 |0 0  |1 0  |3 erb  |4 0  |6 852_000000000000000_DAN_1944  |7 0  |8 A  |9 248518  |a BIBEDU  |b BIBEDU  |i 5047757  |o 852 DAN 1944  |p 5047757  |r 2019-11-18  |w 2019-11-18  |y BK  |z Catalogado en:20140605  |k LIT